The Simpsons Characters Singing (Audio Clips) Quiz Stats

 Plays Quiz not verified by Sporcle

Challenge
Share
Tweet
Score 0/20 Timer 10:00
0 Plays Today
Time Character % Correct
0:00-0:10Apu
98.9%
0:10-0:20Marge
98.9%
1:10-1:20Mr. Burns
92%
2:10-2:20Lisa
91.6%
2:30-2:40Homer
91.1%
2:50-3:00Bart
91.1%
1:20-1:30Krusty The Clown
91%
1:30-1:40Grandpa Simpson
90.8%
0:20-0:30Barney
89.8%
1:00-1:10Flanders
87.1%
Time Character % Correct
0:40-0:50Smithers
86.6%
2:40-2:50Willie
83.4%
0:50-1:00Chief Wiggum
79.8%
1:50-2:00Patty and Selma
79%
3:00-3:10Edna Krabappel
74.6%
3:10-Sideshow Bob
68.1%
2:00-2:10Kirk Van Houten
60%
0:30-0:40Troy McClure
58.2%
2:20-2:30Jasper
57.6%
1:40-1:50Lurleen
52%

You're not logged in!

Compare scores with friends on all Sporcle quizzes.
Join for Free
OR
Log In

You Might Also Like...

Show Comments

Extras

Top Quizzes Today


Score Distribution

Your Account Isn't Verified!

In order to create a playlist on Sporcle, you need to verify the email address you used during registration. Go to your Sporcle Settings to finish the process.

Report this User

Report this user for behavior that violates our Community Guidelines.

Details: